Tilastot visalle Lapin maakunnan kuntien vaakunat

Klikkaa tästä pelataksesi tätä visaa!

Yleistilastot

  • Tätä visaa on pelattu 133 kertaa
  • Keskiarvotulos 21 / 25

Vastaustilastot

Vastaus% Oikein
Kemi
95%
Inari
94%
Rovaniemi (–2005)
94%
Rovaniemi (2006–) / Rovaniemen mlk
94%
Sodankylä
91%
Tornio
91%
Enontekiö
89%
Savukoski
88%
Utsjoki
88%
Keminmaa (Kemin mlk)
86%
Posio
86%
Salla
86%
Ylitornio
86%
Pello
85%
Kemijärvi (–1972)
84%
Kemijärvi (1973–) / Kemijärven mlk
84%
Kolari
84%
Ranua
84%
Kittilä
83%
Pelkosenniemi
83%
Simo
83%
Muonio
79%
Tervola
79%
Alatornio
45%
Karunki
36%

Tulosjakauma

Persentiili vastausten määrän mukaan

Jokaisen tuloksen saaneiden osuus

Tuloshistoriasi

Et ole pelannut tätä visaa